Liste des noms de Pokémon finissant par S - Statistiques

Statistiques générales
  • Ce quiz a été pris 83 fois
  • Le résultat moyen est 40 sur 72
Statistiques - réponses
Pokémon % Correct
Charkos
88%
Boréas
81%
Fulguris
81%
Kranidos
81%
Démétéros
78%
Arceus
72%
Méios
72%
Nucléos
72%
Roucoups
72%
Symbios
72%
Xerneas
72%
Corboss
69%
Kabutops
69%
Krabboss
69%
Miaouss
69%
Amovénus
66%
Flagadoss
66%
Mégapagos
66%
Paras
66%
Ramoloss
66%
Tauros
66%
Carapagos
63%
Félicanis
63%
Lokhlass
63%
Mimitoss
63%
Armulys
59%
Blindalys
59%
Éthernatos
59%
Fantominus
59%
Latias
59%
Latios
59%
Deoxys
56%
Favianos
56%
Rexillius
56%
Staross
56%
Terapagos
56%
Floramantis
53%
Kaiminus
53%
Kokiyas
53%
Mimantis
53%
Regigigas
53%
Vacilys
53%
Caninos
50%
Drackhaus
50%
Krakos
50%
Rhinoféros
50%
Rosabyss
50%
Chapotus
47%
Colimucus
47%
Milobellus
47%
Némélios
47%
Tortipouss
47%
Migalos
44%
Muplodocus
44%
Shifours
44%
Wushours
44%
Chelours
41%
Corvaillus
41%
Florges
41%
Rampe-Ailes
41%
Tropius
41%
Bourrinos
38%
Foretress
38%
Hippopotas
38%
Léopardus
38%
Lézargus
38%
Togekiss
38%
Hippodocus
34%
Pêchaminus
31%
Dimoclès
28%
Grillepattes
28%
Tapatoès
25%
Aucun quiz correspondant
Distribution des résultats
% des personnes avec chaque résultat
Percentile par nombre de réponses
Votre historique - résultats
Vous n’avez pas pris ce quiz